Vicente Blasco Ibáñez
Guardat en:
| Autor principal: | |
|---|---|
| Format: | Llibre |
| Idioma: | espanyol |
| Publicat: |
Valencia
Prometeo
1967
|
| Matèries: | |
| Etiquetes: |
Afegir etiqueta
Sense etiquetes, Sigues el primer a etiquetar aquest registre!
|
MARC
| LEADER | 00000nam a2200000 a 4500 | ||
|---|---|---|---|
| 001 | UCQ7128 | ||
| 003 | CL-VaPUC | ||
| 008 | 981031e19670000SP |||||||||||||||||spa|d | ||
| 082 | 0 | 4 | |a 863.09 |b LEO |2 21 |
| 100 | 0 | |a León Roca, J. L |e author |9 420964 | |
| 245 | 1 | 0 | |a Vicente Blasco Ibáñez |
| 300 | |a 660 p | ||
| 942 | |c BK | ||
| 945 | |d 19981031 00:00:00 |a crobeson | ||
| 260 | |a Valencia |b Prometeo |c 1967 | ||
| 600 | 0 | 7 | |a BLASCO IBAÑEZ, VICENTE |2 CL-VaPUC |9 362636 |
| 650 | 7 | |a NOVELA ESPAÑOLA |2 CL-VaPUC |9 313139 | |
| 650 | 0 | |a Literatura española |9 306261 | |
| 650 | 0 | |a Biografías |9 255210 | |
| 583 | |a last modification |c 19981031 00:00:00 |k Rodrigo Vera | ||
| 999 | |c 276891 |d 276889 | ||
| 952 | |0 0 |1 0 |4 0 |6 863_090000000000000_LEO_1967 |7 0 |8 A |9 314489 |a BIBEDU |b BIBEDU |d 2019-11-20 |i 1486713 |o 863.09 LEO 1967 |p 1486713 |r 2019-11-20 |w 2019-11-20 |y BK |k LIT | ||